00742nam a22002057a 4500003000400000005001700004008004100021022001300062040000900075050002900084245021600113260004600329300002300375440001100398500002000409700002100429700001800450700002000468800004800488OSt20230828155712.0140903b xxu||||| |||| 00| 0 eng d a08550832 cWIUC aKRX19.A3.G34(1991 vol 1) aThe Ghana law reports 1991 volume 1: cases determined by the High Court, the Court of Appeal and the Supreme Court of the Republic of Ghana /cedited by D.R.K. Sankah and assisted by L.K. Agbosu and J.K.E. Edzie aAccra:bCouncil for law reporting,c1995. axli,643p. :c25cm. vVol. 1 aIncludes index. aSankah, D. R. K. aAgbosu, L. K. aEdzie, J. K. E. aSankah, D.R.K.aAgbosu, L.K.aEdzie, J.K.E.